LEADER 00788nam0 2200265 450 001 000003525 005 20150326185753.0 010 $a88-14-08243-X 100 $a20020131d2000----km-y0itay50------ba 101 0 $aita 102 $aIT 200 1 $aLineamenti di diritto regionale$fT. Martines, A. Ruggeri 205 $a5. ed. interamente riv. 210 $aMilano$cGiuffrè$d2000 215 $aXVI, 464 p.$d24 cm 610 1 $aDiritto pubblico regionale 676 $a342.4509 700 1$aMartines,$bTemistocle$0126688 701 1$aRuggeri,$bAntonio$0354855 801 0$aIT$bUNIPARTHENOPE$gRICA$2UNIMARC 912 $a000003525 951 $a342-L/7$b35101$cNAVA1$d20020201 951 $aFA-0006$b34383$cNAVA3 996 $aLineamenti di diritto regionale$9575363 997 $aUNIPARTHENOPE LEADER 01323nam0 22002891i 450 001 UON00192347 005 20231205103220.309 100 $a20030730d1964 |0itac50 ba 101 $aeng 102 $aGB 105 $a|||| 1|||| 200 1 $aRoxana$ethe fortunate mistress , or, a history of the life and vast variety of fortunes of Mademoiselle de Beleau, afterwards called the Countess de Wintselsheim in Germany, being the person known by the name of the lady Roxana in the times of Charles II$fDaniel Defoe$gedited with an introduction by Jane Jack 210 $aLondon$aNew York ; Toronto$cOxford University Press$d1964 215 $axviii, 333 p.$d21 cm. 620 $aUS$dNew York$3UONL000050 620 $aCA$dToronto$3UONL000778 620 $aGB$dLondon$3UONL003044 676 $a820$cLetteratura inglese e antico inglese$v21 700 1$aDEFOE$bDaniel$3UONV084807$069634 702 1$aJACK$bJane$3UONV177510 712 $aOxford University Press$3UONV245947$4650 801 $aIT$bSOL$c20240220$gRICA 899 $aSIBA - SISTEMA BIBLIOTECARIO DI ATENEO$2UONSI 912 $aUON00192347 950 $aSIBA - SISTEMA BIBLIOTECARIO DI ATENEO$dSI Angl IV A DEF 09 $eSI SI 1043 5 09 996 $aRoxana$991105 997 $aUNIOR LEADER 02564nam 2200601 a 450 001 9910974142803321 005 20240516142500.0 010 $a9781283954952 010 $a1283954958 010 $a9781780426419 010 $a1780426410 035 $a(CKB)2670000000170819 035 $a(EBL)887100 035 $a(OCoLC)784886921 035 $a(MiAaPQ)EBC887100 035 $a(Au-PeEL)EBL887100 035 $a(CaPaEBR)ebr10556256 035 $a(CaONFJC)MIL426745 035 $z(PPN)197273130 035 $a(PPN)187182248 035 $a(FR-PaCSA)88835503 035 $a(FRCYB88835503)88835503 035 $a(EXLCZ)992670000000170819 100 $a20120517d2006 uy 0 101 0 $afre 135 $aur|n|---||||| 181 $ctxt$2rdacontent 182 $cc$2rdamedia 183 $acr$2rdacarrier 200 10$aWilliam Morris /$f[texte, Arthur Clutton-Brock ; traduction, Aline Jorand] 205 $a1st ed. 210 $a[New York $cParkstone International$d2006?] 215 $a1 online resource (81 pages) $cillustrations 225 1 $aPerfect Square 300 $aIncludes index. 311 0 $a9781859954027 311 0 $a1859954022 327 $aINTRODUCTION; ENFANCE ET JEUNESSE; L'INFLUENCE DE ROSSETTI; LA CREATION DE L'ENTREPRISE; MORRIS, LE POETE ROMANTIQUE; LA RENAISSANCE DES ARTS ET METIERS; LES SAGAS ET SIGURD; LES POEMES EN PROSE; DERNIERES ANNEES; LES IDEES DE WILLIAM MORRIS; BIOGRAPHIE; LISTE DES ILLUSTRATIONS 330 $aWilliam Morris (1834-1896), par son e?clectisme, fut l'une des personnalite?s emble?matiques du XIXe sie?cle.Peintre, architecte, poe?te et inge?nieur, maniant avec autant de talent la plume que le pinceau, il bouleversa la socie?te? victorienne en refusant les standards instaure?s par l'industrie conque?rante. Son engagement dans la re?daction du manifeste socialiste fut la suite naturelle de cette re?volution qu'il incarna dans l'habitat, les formes et les couleurs. Pre?curseur des designers du XXe sie?cle, il fut le co-fondateur, avec John Ruskin, du mouvement des Arts and Crafts. 410 0$aPerfect Square 606 $aArtists$zEngland$xCriticism and interpretation 615 0$aArtists$xCriticism and interpretation. 676 $a709.2 676 $a709/.2 700 $aClutton-Brock$b A$g(Arthur),$f1868-1924.$0203733 701 $aJorand$b Aline$01797083 801 0$bMiAaPQ 801 1$bMiAaPQ 801 2$bMiAaPQ 906 $aBOOK 912 $a9910974142803321 996 $aWilliam Morris$94339156 997 $aUNINA